| 000 | 00960nam a2200241Ia 4500 | ||
|---|---|---|---|
| 008 | 191128s9999 xx 000 0 und d | ||
| 020 | _a9580469385 | ||
| 082 | _a658 .4092 | ||
| 082 | _b F791 | ||
| 100 | _aFox, Jeffrey J., autor | ||
| 245 | 0 | _aCómo llegar a ser gerente : reglas para ascender a la cima de cualquier organización / | |
| 245 | 0 | _cJeffrey J. Fox ; traducción Adriana de Hassan | |
| 260 | _aBogotá | ||
| 260 | _bBBVA ; Horizonte Pensi ones y Cesantias, | ||
| 260 | _c2002 | ||
| 300 | _a93 páginas | ||
| 300 | _c 21 cm | ||
| 500 | _aIncluye tabla de contenido | ||
| 505 | _aIntroducción -- acepte ciempre el puesto mejor remunerado -- evite los cargos administrativos y busque los cargos de la línea jerárquica -- no espere que el departamento de personal planee su carrera | ||
| 534 | _pHow to become CEO | ||
| 546 | _aspa | ||
| 650 | _aAptitud de mando ; Liderazgo ; Administración de personal ; Trabajo en equipo-- | ||
| 999 |
_c3633 _d3633 |
||